[Event "Titled Tuesday intern op 20th Jun Early"]
[Site "Chess.com INT"]
[Date "2023.06.20"]
[Round "5"]
[White "Shevtchenko, Olesya"]
[Black "Svane, Rasmus"]
[Result "0-1"]
[WhiteElo "2054"]
[BlackElo "2616"]
[PlyCount "63"]
[EventDate "2023.06.20"]
[EventType "swiss (blitz)"]
[EventRounds "11"]
[EventCountry "USA"]
[SourceTitle "EXT 2024"]
[Source "ChessBase"]
[SourceDate "2023.10.10"]
[SourceVersion "1"]
[SourceVersionDate "2023.10.10"]
[SourceQuality "1"]

1. e4 c6 2. d4 d5 3. Nc3 dxe4 4. Nxe4 Nf6 5. Nxf6+ exf6 6. c3 Bd6 7. Bd3 0-0 8. Ne2 Re8 9. 0-0 Nd7 10. Bf4 Nf8 11. Qd2 Ng6 12. Bxd6 Qxd6 13. Rfe1 Be6 14. b3 Rad8 15. Rad1 Qc7 16. c4 a6 17. h3 b5 18. Rc1 Qb6 19. Qc3 b4 20. Qb2 a5 21. d5 cxd5 22. c5 Qc7 23. Bxg6 hxg6 24. Nd4 Bd7 25. c6 Rxe1+ 26. Rxe1 Bc8 27. Qe2 Kf8 28. Nb5 Qe5 29. c7 Re8 30. Qxe5 fxe5 31. Nd6 f6 32. f4 0-1

[Event "Titled Tuesday intern op 13th Jun Early"]
[Site "Chess.com INT"]
[Date "2023.06.13"]
[Round "4"]
[White "Shevtchenko, Olesya"]
[Black "Klukin, Kirill"]
[Result "0-1"]
[WhiteElo "2054"]
[BlackElo "2390"]
[PlyCount "68"]
[EventDate "2023.06.13"]
[EventType "swiss (blitz)"]
[EventRounds "11"]
[EventCountry "USA"]
[SourceTitle "EXT 2024"]
[Source "ChessBase"]
[SourceDate "2023.10.10"]
[SourceVersion "1"]
[SourceVersionDate "2023.10.10"]
[SourceQuality "1"]

1. e4 c5 2. Nc3 Nc6 3. Bb5 Nd4 4. Bc4 e6 5. Nf3 Nf6 6. 0-0 a6 7. d3 b5 8. Bb3 Be7 9. Nxd4 cxd4 10. Ne2 Qb6 11. c3 dxc3 12. bxc3 0-0 13. e5 Nd5 14. Bxd5 exd5 15. Be3 Qc7 16. Bd4 d6 17. f4 dxe5 18. fxe5 Bc5 19. Qd2 Bg4 20. Bxc5 Qxc5+ 21. Nd4 b4 22. Rac1 Rac8 23. Qf4 Be2 24. cxb4 Qa7 25. Rxc8 Rxc8 26. Rf2 Bxd3 27. e6 fxe6 28. Nxe6 Qe7 29. Qe3 Bb5 30. Rf5 d4 31. Qe5 Rc1+ 32. Kf2 Rf1+ 33. Kg3 Rxf5 34. Qxf5 Bd7 0-1

[Event "Titled Tuesday intern op 23rd May Early"]
[Site "Chess.com INT"]
[Date "2023.05.23"]
[Round "4"]
[White "Hansen, Eric"]
[Black "Shevtchenko, Olesya"]
[Result "1-0"]
[WhiteElo "2609"]
[BlackElo "2054"]
[PlyCount "77"]
[EventDate "2023.05.23"]
[EventType "swiss (blitz)"]
[EventRounds "11"]
[EventCountry "USA"]
[SourceTitle "CBM 214 Extra"]
[Source "ChessBase"]
[SourceDate "2023.07.31"]
[SourceVersion "1"]
[SourceVersionDate "2023.07.31"]
[SourceQuality "1"]

1. f4 d5 2. Nf3 Nf6 3. b3 g6 4. Bb2 Bg7 5. e3 0-0 6. Be2 a5 7. 0-0 a4 8. Qe1 Nc6 9. a3 Bf5 10. Qd1 Nd7 11. Bxg7 Kxg7 12. Bb5 axb3 13. cxb3 Ncb8 14. Qc1 c6 15. Be2 Na6 16. b4 Nc7 17. Nc3 f6 18. Nd4 Be6 19. Ncb5 Bg8 20. Nxc7 Qxc7 21. f5 Ne5 22. Qc3 Qd6 23. a4 e6 24. fxe6 Bxe6 25. Qc5 Qd7 26. h3 Bxh3 27. gxh3 Qxh3 28. Rf2 Rae8 29. Rh2 Qg3+ 30. Rg2 Qh3 31. Rf1 Nd7 32. Qd6 Ne5 33. Rf4 h5 34. Rh4 Qd7 35. Qxd7+ Nxd7 36. Bxh5 Ne5 37. Bxg6 Nxg6 38. Rhg4 Kf7 39. Rxg6 1-0

[Event "Titled Tuesday intern op 23rd May Early"]
[Site "Chess.com INT"]
[Date "2023.05.23"]
[Round "7"]
[White "Karthik, Rajaa"]
[Black "Shevtchenko, Olesya"]
[Result "1-0"]
[WhiteElo "2276"]
[BlackElo "2054"]
[PlyCount "87"]
[EventDate "2023.05.23"]
[EventType "swiss (blitz)"]
[EventRounds "11"]
[EventCountry "USA"]
[SourceTitle "CBM 214 Extra"]
[Source "ChessBase"]
[SourceDate "2023.07.31"]
[SourceVersion "1"]
[SourceVersionDate "2023.07.31"]
[SourceQuality "1"]

1. Nf3 Nf6 2. b3 g6 3. Bb2 Bg7 4. g3 0-0 5. Bg2 a5 6. 0-0 a4 7. a3 d5 8. d3 c5 9. Nbd2 Nc6 10. Ne5 Qd6 11. Nxc6 Qxc6 12. c4 Be6 13. b4 Qc7 14. Bxf6 Bxf6 15. cxd5 Bxa1 16. dxe6 Bc3 17. exf7+ Rxf7 18. b5 e6 19. Nc4 Bd4 20. e3 Bg7 21. Qg4 Re8 22. h4 Qd7 23. Be4 Qxb5 24. Nd6 Qd7 25. Nxe8 Qxe8 26. h5 gxh5 27. Qxh5 Bf8 28. Bxh7+ Kg7 29. Bg6 b5 30. Bxf7 Qxf7 31. Qg5+ Qg6 32. Qd8 Qf7 33. Qa8 Qd7 34. Rc1 Qxd3 35. Qf3 Qd5 36. e4 Qb3 37. Qg4+ Kf7 38. Rd1 b4 39. Rd7+ Ke8 40. Rb7 Qc4 41. Qg8 Qc1+ 42. Kg2 Qh6 43. Qf7+ Kd8 44. Qd7# 1-0

[Event "Titled Tuesday intern op 23rd May Early"]
[Site "Chess.com INT"]
[Date "2023.05.23"]
[Round "11"]
[White "Shevtchenko, Olesya"]
[Black "Srihari, LR."]
[Result "0-1"]
[WhiteElo "2054"]
[BlackElo "2416"]
[PlyCount "140"]
[EventDate "2023.05.23"]
[EventType "swiss (blitz)"]
[EventRounds "11"]
[EventCountry "USA"]
[SourceTitle "CBM 214 Extra"]
[Source "ChessBase"]
[SourceDate "2023.07.31"]
[SourceVersion "1"]
[SourceVersionDate "2023.07.31"]
[SourceQuality "1"]

1. e4 d6 2. d4 Nf6 3. Nc3 e5 4. Nf3 Nc6 5. Bb5 exd4 6. Nxd4 Bd7 7. 0-0 Be7 8. Re1 0-0 9. Bf1 Re8 10. h3 Nxd4 11. Qxd4 Bc6 12. Bf4 Nd7 13. a4 Bf6 14. Qd2 Be5 15. Be3 Bxc3 16. Qxc3 Rxe4 17. Bd4 Rxe1 18. Rxe1 Qg5 19. Re3 Ne5 20. Bxe5 dxe5 21. Rxe5 Qf6 22. a5 a6 23. Rc5 Qxc3 24. Rxc3 Re8 25. Bxa6 Re1+ 26. Kh2 Ra1 27. b4 g6 28. Bd3 Rb1 29. Rb3 Ra1 30. Rb2 h5 31. h4 Bd7 32. b5 Rxa5 33. b6 cxb6 34. Rxb6 Bc6 35. Rb4 Kg7 36. Rd4 Rc5 37. Kg3 Kf6 38. Rf4+ Ke7 39. Bc4 f6 40. Bd3 g5 41. Rd4 gxh4+ 42. Kxh4 Bxg2 43. Be4 Bxe4 44. Rxe4+ Kf7 45. Rb4 b5 46. Rb1 Kg6 47. Rg1+ Kh6 48. Rb1 Rc4+ 49. Kg3 b4 50. f3 Kg5 51. Kh3 Kf4 52. Rb3 Rxc2 53. Rxb4+ Kxf3 54. Rb5 Kf4 55. Rxh5 f5 56. Rh8 Kf3 57. Re8 f4 58. Rg8 Ke3 59. Re8+ Kf2 60. Rf8 f3 61. Re8 Kf1 62. Kg3 f2 63. Kh2 Rc7 64. Re6 Rh7+ 65. Kg3 Kg1 66. Rg6 f1Q 67. Kg4 Kg2 68. Kg5 Kg3 69. Rf6 Rg7+ 70. Kh5 Qh3# 0-1

[Event "Titled Tuesday intern op 16th May Early"]
[Site "Chess.com INT"]
[Date "2023.05.16"]
[Round "9"]
[White "Rom, Jasper B"]
[Black "Shevtchenko, Olesya"]
[Result "1-0"]
[WhiteElo "2202"]
[BlackElo "2054"]
[PlyCount "37"]
[EventDate "2023.05.16"]
[EventType "swiss (blitz)"]
[EventRounds "11"]
[EventCountry "USA"]
[SourceTitle "CBM 214 Extra"]
[Source "ChessBase"]
[SourceDate "2023.07.31"]
[SourceVersion "1"]
[SourceVersionDate "2023.07.31"]
[SourceQuality "1"]

1. e4 c6 2. d4 d5 3. Nd2 dxe4 4. Nxe4 Bf5 5. Ng3 Bg6 6. h4 h6 7. Nh3 Bh7 8. Nf4 e5 9. dxe5 Qa5+ 10. c3 Qxe5+ 11. Be2 Nd7 12. 0-0 0-0-0 13. Nd3 Qf6 14. Qa4 Nc5 15. Nxc5 Bxc5 16. Bf4 Qxh4 17. Rad1 Nf6 18. Qxc6+ bxc6 19. Ba6# 1-0

[Event "Titled Tuesday intern op 09th May Early"]
[Site "Chess.com INT"]
[Date "2023.05.09"]
[Round "1"]
[White "Srebrnic, Ana"]
[Black "Shevtchenko, Olesya"]
[Result "0-1"]
[WhiteElo "2149"]
[BlackElo "2054"]
[PlyCount "90"]
[EventDate "2023.05.09"]
[EventType "swiss (blitz)"]
[EventRounds "11"]
[EventCountry "USA"]
[SourceTitle "CBM 214 Extra"]
[Source "ChessBase"]
[SourceDate "2023.07.31"]
[SourceVersion "1"]
[SourceVersionDate "2023.07.31"]
[SourceQuality "1"]

1. e4 c6 2. d4 d5 3. Nc3 dxe4 4. Nxe4 Nf6 5. Nxf6+ exf6 6. Bc4 Bd6 7. Qe2+ Qe7 8. Qxe7+ Kxe7 9. Nf3 Be6 10. Bxe6 fxe6 11. 0-0 Kf7 12. Re1 Re8 13. c3 Nd7 14. Bd2 a5 15. Re2 h5 16. Rae1 Nb6 17. h3 a4 18. b3 axb3 19. axb3 Ra3 20. Rb1 Rea8 21. Bc1 Ra2 22. Rbb2 Ra1 23. Rbc2 Rb1 24. Nd2 Rba1 25. g3 Nd5 26. Kg2 R8a2 27. Nc4 Rxc2 28. Nxd6+ Ke7 29. Nf5+ Kd7 30. Rxc2 exf5 31. Be3 Rb1 32. c4 Nxe3+ 33. fxe3 Rxb3 34. Kf3 Kd6 35. Ra2 b5 36. cxb5 cxb5 37. Ra7 g5 38. Ra6+ Ke7 39. Rb6 Rb2 40. Rb7+ Ke6 41. Rb6+ Kf7 42. Rb7+ Kg6 43. d5 g4+ 44. hxg4 hxg4+ 45. Kf4 Rf2# 0-1

[Event "Titled Tuesday intern op 09th May Early"]
[Site "Chess.com INT"]
[Date "2023.05.09"]
[Round "3"]
[White "Van Dael, Siem"]
[Black "Shevtchenko, Olesya"]
[Result "1-0"]
[WhiteElo "2319"]
[BlackElo "2054"]
[PlyCount "55"]
[EventDate "2023.05.09"]
[EventType "swiss (blitz)"]
[EventRounds "11"]
[EventCountry "USA"]
[SourceTitle "CBM 214 Extra"]
[Source "ChessBase"]
[SourceDate "2023.07.31"]
[SourceVersion "1"]
[SourceVersionDate "2023.07.31"]
[SourceQuality "1"]

1. e4 c6 2. d4 d5 3. Nd2 dxe4 4. Nxe4 Nf6 5. Nxf6+ exf6 6. c3 Bd6 7. Bd3 Na6 8. Qc2 h5 9. Ne2 Nc7 10. Bf4 h4 11. 0-0-0 Kf8 12. Rhe1 Be6 13. Kb1 a5 14. Bxd6+ Qxd6 15. g3 a4 16. c4 g6 17. Nf4 Bg4 18. Rd2 hxg3 19. fxg3 Ne6 20. Nxe6+ Bxe6 21. d5 cxd5 22. c5 Qc6 23. Qc3 Bh3 24. Rf2 Kg7 25. Bb5 Qxb5 26. Qxf6+ Kh6 27. Qf4+ Kh5 28. Qh4# 1-0

[Event "Titled Tuesday intern op 25th Apr Early"]
[Site "Chess.com INT"]
[Date "2023.04.25"]
[Round "9"]
[White "Koridze, Lile"]
[Black "Shevtchenko, Olesya"]
[Result "0-1"]
[WhiteElo "2191"]
[BlackElo "2054"]
[PlyCount "74"]
[EventDate "2023.04.25"]
[EventType "swiss (blitz)"]
[EventRounds "11"]
[EventCountry "USA"]
[SourceTitle "EXT 2024"]
[Source "ChessBase"]
[SourceDate "2023.10.10"]
[SourceVersion "1"]
[SourceVersionDate "2023.10.10"]
[SourceQuality "1"]

1. d4 Nf6 2. c4 e6 3. Nf3 b6 4. g3 Ba6 5. b3 Bb4+ 6. Bd2 Bxd2+ 7. Nbxd2 d5 8. Bg2 0-0 9. 0-0 Nbd7 10. Rc1 c6 11. Qc2 Qe7 12. e4 dxe4 13. Nxe4 Rac8 14. Rfe1 Rfd8 15. Ne5 Nxe5 16. dxe5 Nxe4 17. Bxe4 h6 18. Rcd1 c5 19. Rxd8+ Rxd8 20. Rd1 Rd4 21. Rxd4 cxd4 22. Bf3 Bb7 23. Bxb7 Qxb7 24. Qd3 Qd7 25. Kf1 g6 26. Ke2 Kg7 27. Qe4 b5 28. cxb5 Qxb5+ 29. Qd3 Qxe5+ 30. Kd2 Qa5+ 31. Kd1 e5 32. a4 Qd5 33. Kd2 e4 34. Qc4 Qxc4 35. bxc4 Kf8 36. f3 f5 37. Ke1 Ke7 0-1

[Event "Titled Tuesday intern op 25th Apr Early"]
[Site "Chess.com INT"]
[Date "2023.04.25"]
[Round "3"]
[White "Rosenberg, Evan"]
[Black "Shevtchenko, Olesya"]
[Result "1/2-1/2"]
[WhiteElo "1956"]
[BlackElo "2054"]
[PlyCount "139"]
[EventDate "2023.04.25"]
[EventType "swiss (blitz)"]
[EventRounds "11"]
[EventCountry "USA"]
[SourceTitle "EXT 2024"]
[Source "ChessBase"]
[SourceDate "2023.10.10"]
[SourceVersion "1"]
[SourceVersionDate "2023.10.10"]
[SourceQuality "1"]

1. d4 Nf6 2. Nf3 d5 3. c4 e6 4. g3 dxc4 5. Bg2 Nc6 6. 0-0 Rb8 7. a4 Na5 8. Nbd2 Bb4 9. e3 c5 10. Qc2 Bxd2 11. Nxd2 cxd4 12. Nxc4 0-0 13. exd4 Bd7 14. Ne5 Rc8 15. Qd3 Nc6 16. Bg5 Be8 17. Nxc6 Bxc6 18. Bxc6 Rxc6 19. Qf3 Qxd4 20. Rfd1 Qe4 21. Qb3 Rb6 22. Qc3 Nd5 23. Qc5 Rxb2 24. Qxa7 h6 25. Be3 Rc8 26. Qd4 Qxd4 27. Bxd4 Rb4 28. a5 Ra8 29. Be5 Rb5 30. Rdb1 Raxa5 31. Rxb5 Rxb5 32. Ra8+ Kh7 33. Rb8 h5 34. h4 f6 35. Bd4 Rb1+ 36. Kg2 b5 37. Rb7 b4 38. Kf3 b3 39. Ke4 Kg6 40. f4 Re1+ 41. Kd3 Rd1+ 42. Ke4 Rb1 43. f5+ exf5+ 44. Kxd5 f4 45. gxf4 Kf5 46. Rxg7 Rd1 47. Rb7 Kxf4 48. Rxb3 Kg4 49. Kc4 f5 50. Re3 Kxh4 51. Rf3 Kg4 52. Rf2 f4 53. Rg2+ Kf3 54. Rg5 h4 55. Rh5 Kg4 56. Rh8 h3 57. Rg8+ Kf3 58. Rh8 Kg3 59. Rg8+ Kf3 60. Rh8 Kg2 61. Rg8+ Kh2 62. Be5 Rf1 63. Kd3 Kh1 64. Ke2 Rg1 65. Rxg1+ Kxg1 66. Bxf4 Kg2 67. Be5 Kg1 68. Bf4 Kg2 69. Be5 h2 70. Bxh2 1/2-1/2

[Event "Titled Tuesday intern op 25th Apr Early"]
[Site "Chess.com INT"]
[Date "2023.04.25"]
[Round "8"]
[White "Rustemov, Alexander"]
[Black "Shevtchenko, Olesya"]
[Result "1-0"]
[WhiteElo "2525"]
[BlackElo "2054"]
[PlyCount "59"]
[EventDate "2023.04.25"]
[EventType "swiss (blitz)"]
[EventRounds "11"]
[EventCountry "USA"]
[SourceTitle "EXT 2024"]
[Source "ChessBase"]
[SourceDate "2023.10.10"]
[SourceVersion "1"]
[SourceVersionDate "2023.10.10"]
[SourceQuality "1"]

1. d4 Nf6 2. c4 e6 3. Nf3 d5 4. Nc3 c5 5. cxd5 cxd4 6. Qxd4 exd5 7. Bg5 Be7 8. e3 0-0 9. Be2 Be6 10. 0-0 h6 11. Bh4 Nc6 12. Qd3 Qb6 13. a3 Rfd8 14. Rfd1 Rac8 15. b4 Kf8 16. Na4 Qc7 17. Rac1 Qb8 18. Bg3 Bd6 19. Nc5 Bxg3 20. hxg3 g6 21. Nxe6+ fxe6 22. Qxg6 Ne4 23. Qxh6+ Ke7 24. Ng5 Nxg5 25. Qxg5+ Kd7 26. Bg4 Re8 27. Rxd5+ Kc7 28. Rdc5 Kb6 29. Rb5+ Kc7 30. Qg7+ 1-0

[Event "Titled Tuesday intern op 25th Apr Early"]
[Site "Chess.com INT"]
[Date "2023.04.25"]
[Round "1"]
[White "Shevtchenko, Olesya"]
[Black "Kiseleva, Arina"]
[Result "1-0"]
[WhiteElo "2054"]
[BlackElo "1962"]
[PlyCount "85"]
[EventDate "2023.04.25"]
[EventType "swiss (blitz)"]
[EventRounds "11"]
[EventCountry "USA"]
[SourceTitle "EXT 2024"]
[Source "ChessBase"]
[SourceDate "2023.10.10"]
[SourceVersion "1"]
[SourceVersionDate "2023.10.10"]
[SourceQuality "1"]

1. e4 c6 2. d4 d5 3. exd5 cxd5 4. Bd3 Nc6 5. c3 Nf6 6. Bf4 g6 7. Qc2 a6 8. a4 e6 9. Nf3 Bd6 10. Bh6 Bf8 11. Be3 Ng4 12. Bg5 Be7 13. Bxe7 Qxe7 14. h3 Nf6 15. 0-0 0-0 16. Nbd2 e5 17. dxe5 Nxe5 18. Nxe5 Qxe5 19. Nf3 Qh5 20. Nd4 Bxh3 21. gxh3 Qxh3 22. f3 Nh5 23. Qh2 Qd7 24. Rfe1 Rae8 25. a5 f5 26. Nxf5 Rxe1+ 27. Rxe1 Rxf5 28. Bxf5 Qxf5 29. Qb8+ Kg7 30. Qe5+ Kf7 31. Qxf5+ gxf5 32. Kf2 Nf4 33. Rd1 Ke6 34. Ke3 Ng6 35. Rh1 Nf8 36. Rh6+ Kf7 37. Rb6 h5 38. Rxb7+ Kf6 39. Rb6+ Kg5 40. Rxa6 h4 41. Kf2 Kf4 42. Rh6 Kg5 43. Rh8 1-0

[Event "Titled Tuesday intern op 25th Apr Early"]
[Site "Chess.com INT"]
[Date "2023.04.25"]
[Round "7"]
[White "Shevtchenko, Olesya"]
[Black "Toktomushev, Teimur"]
[Result "1-0"]
[WhiteElo "2054"]
[BlackElo "2252"]
[PlyCount "49"]
[EventDate "2023.04.25"]
[EventType "swiss (blitz)"]
[EventRounds "11"]
[EventCountry "USA"]
[SourceTitle "EXT 2024"]
[Source "ChessBase"]
[SourceDate "2023.10.10"]
[SourceVersion "1"]
[SourceVersionDate "2023.10.10"]
[SourceQuality "1"]

1. e4 c5 2. Nf3 e6 3. d4 cxd4 4. Nxd4 a6 5. Nc3 b5 6. Qd3 Bb7 7. a3 Nc6 8. Nxc6 Bxc6 9. Qg3 Nf6 10. Bd3 h5 11. h4 Bc5 12. e5 Ng4 13. 0-0 d6 14. exd6 Bxd6 15. Bf4 e5 16. Bg5 Qc7 17. Ne4 0-0 18. f3 Bxe4 19. Bxe4 Bc5+ 20. Kh1 Ne3 21. Rfe1 Nc4 22. Bf6 g6 23. Bxg6 Bf2 24. Bh7+ Kxh7 25. Qg7# 1-0

[Event "Titled Tuesday intern op 18th Apr Early"]
[Site "Chess.com INT"]
[Date "2023.04.18"]
[Round "8"]
[White "Prieto Aranguren, Alain"]
[Black "Shevtchenko, Olesya"]
[Result "1/2-1/2"]
[WhiteElo "2280"]
[BlackElo "2054"]
[PlyCount "116"]
[EventDate "2023.04.18"]
[EventType "swiss (blitz)"]
[EventRounds "11"]
[EventCountry "USA"]
[SourceTitle "EXT 2024"]
[Source "ChessBase"]
[SourceDate "2023.10.10"]
[SourceVersion "1"]
[SourceVersionDate "2023.10.10"]
[SourceQuality "1"]

1. d4 Nf6 2. Bg5 e6 3. Nd2 h6 4. Bf4 c5 5. c3 cxd4 6. cxd4 Nd5 7. Bg3 Qb6 8. e4 Nf6 9. Qc2 Nc6 10. Ngf3 Bb4 11. 0-0-0 Nxd4 12. Nxd4 Qxd4 13. a3 Bxd2+ 14. Rxd2 Qxe4 15. Bd3 Qc6 16. Qxc6 bxc6 17. Bd6 Nd5 18. Be4 Ba6 19. Bxd5 cxd5 20. Rc2 f6 21. Rc7 Rc8 22. Rxc8+ Bxc8 23. Kd2 Bb7 24. Rc1 Bc6 25. Rc5 Kf7 26. Ra5 Ra8 27. a4 a6 28. f4 h5 29. Ke3 Kg6 30. Kd4 Kf5 31. Kc5 e5 32. fxe5 fxe5 33. b4 Ke4 34. Kb6 Kd3 35. Bxe5 g6 36. Kc5 d4 37. g3 Ke2 38. Bxd4 Kf3 39. Be5 g5 40. b5 axb5 41. Rxa8 Bxa8 42. Kxb5 Bc6+ 43. Kb4 d5 44. a5 Ke4 45. Bf6 d4 46. Bxg5 d3 47. Kc5 Ba8 48. Bd2 Kf3 49. Kd6 Ke2 50. Bb4 d2 51. Bxd2 Kxd2 52. Ke5 Ke2 53. Kf5 Kf2 54. Kg5 Bf3 55. a6 Kg2 56. a7 Kxh2 57. a8Q Bxa8 58. Kxh5 Kxg3 1/2-1/2

[Event "Titled Tuesday intern op 18th Apr Early"]
[Site "Chess.com INT"]
[Date "2023.04.18"]
[Round "6"]
[White "Shevtchenko, Olesya"]
[Black "Svane, Rasmus"]
[Result "0-1"]
[WhiteElo "2054"]
[BlackElo "2621"]
[PlyCount "52"]
[EventDate "2023.04.18"]
[EventType "swiss (blitz)"]
[EventRounds "11"]
[EventCountry "USA"]
[SourceTitle "EXT 2024"]
[Source "ChessBase"]
[SourceDate "2023.10.10"]
[SourceVersion "1"]
[SourceVersionDate "2023.10.10"]
[SourceQuality "1"]

1. e4 c6 2. Nc3 d5 3. Qf3 dxe4 4. Nxe4 Nf6 5. Bc4 Nbd7 6. Nxf6+ exf6 7. d4 Bd6 8. Ne2 0-0 9. Be3 Nb6 10. Bb3 a5 11. a4 Nd5 12. c3 Re8 13. Bxd5 cxd5 14. Qxd5 Rxe3 15. Kd2 Re8 16. Rae1 Qb6 17. Kc1 Be6 18. Qf3 Qb3 19. Nf4 Bxf4+ 20. Qxf4 Qxa4 21. h4 Bb3 22. Kd2 Qa2 23. Rb1 Bc4 24. Qf3 a4 25. Kc1 a3 26. bxa3 Re2 0-1

[Event "Titled Tuesday intern op 18th Apr Early"]
[Site "Chess.com INT"]
[Date "2023.04.18"]
[Round "2"]
[White "Shevtchenko, Olesya"]
[Black "Van Dael, Siem"]
[Result "1-0"]
[WhiteElo "2054"]
[BlackElo "2313"]
[PlyCount "81"]
[EventDate "2023.04.18"]
[EventType "swiss (blitz)"]
[EventRounds "11"]
[EventCountry "USA"]
[SourceTitle "EXT 2024"]
[Source "ChessBase"]
[SourceDate "2023.10.10"]
[SourceVersion "1"]
[SourceVersionDate "2023.10.10"]
[SourceQuality "1"]

1. e4 f6 2. d4 c6 3. Nc3 Qa5 4. Be3 Kd8 5. h4 Qb4 6. Qd2 Qxb2 7. Rb1 Qa3 8. Bc4 b5 9. Bb3 a5 10. d5 a4 11. dxc6 axb3 12. c7+ Ke8 13. cxb8Q Rxb8 14. Rxb3 Qa5 15. a4 b4 16. Nd5 e6 17. Nf4 Qxa4 18. Nge2 Qa1+ 19. Nc1 Ba6 20. Nfd3 Bc4 21. Rb2 b3 22. 0-0 Ba3 23. Nxb3 Qxf1+ 24. Kxf1 Bxb2 25. Na5 Ba6 26. c4 Be5 27. Nxe5 fxe5 28. Qd6 Ra8 29. Bc5 Kf7 30. Qxd7+ Kf6 31. Qc6 Nh6 32. f3 Rhc8 33. Qd6 Ng8 34. Nc6 Bxc4+ 35. Kf2 Ra6 36. Qxe5+ Kf7 37. Qf4+ Nf6 38. Ne5+ Kg8 39. Be7 Ra2+ 40. Kg1 Bf1 41. Bxf6 1-0

[Event "Titled Tuesday intern op 18th Apr Early"]
[Site "Chess.com INT"]
[Date "2023.04.18"]
[Round "5"]
[White "Zacurdajev, Dmitry"]
[Black "Shevtchenko, Olesya"]
[Result "0-1"]
[WhiteElo "2273"]
[BlackElo "2054"]
[PlyCount "110"]
[EventDate "2023.04.18"]
[EventType "swiss (blitz)"]
[EventRounds "11"]
[EventCountry "USA"]
[SourceTitle "EXT 2024"]
[Source "ChessBase"]
[SourceDate "2023.10.10"]
[SourceVersion "1"]
[SourceVersionDate "2023.10.10"]
[SourceQuality "1"]

1. d4 Nf6 2. c4 e6 3. Nc3 d5 4. Nf3 c5 5. cxd5 cxd4 6. Qxd4 exd5 7. e4 Nc6 8. Bb5 dxe4 9. Qxd8+ Kxd8 10. Ng5 Be6 11. Nxe6+ fxe6 12. Bxc6 bxc6 13. Bg5 h6 14. Bxf6+ gxf6 15. Nxe4 f5 16. 0-0-0+ Kc7 17. Nd2 Bc5 18. f3 Bd4 19. Nc4 Rad8 20. Rhe1 Rhe8 21. Ne5 c5 22. Kc2 Rd5 23. f4 Bxe5 24. Rxe5 Rxd1 25. Kxd1 Kd6 26. Kc2 Rb8 27. Re3 Rb4 28. g3 h5 29. Ra3 Re4 30. Kd2 Rd4+ 31. Ke2 Rb4 32. b3 c4 33. Rxa7 cxb3 34. axb3 Rxb3 35. Ra6+ Kd5 36. Ra5+ Kd6 37. Ra6+ Ke7 38. Ra2 h4 39. Kf2 h3 40. Re2 Rd3 41. Rc2 Kd6 42. Re2 Kd5 43. Ra2 Rb3 44. Ra5+ Kd4 45. Re5 Rb2+ 46. Kg1 Rg2+ 47. Kh1 Rc2 48. Re1 Kd3 49. Kg1 Re2 50. Rd1+ Ke3 51. Ra1 Rg2+ 52. Kh1 Rd2 53. Ra3+ Ke2 54. Ra1 Kf2 55. Rd1 Rxd1# 0-1

[Event "Titled Tuesday intern op 11th Apr Early"]
[Site "Chess.com INT"]
[Date "2023.04.11"]
[Round "9"]
[White "Csonka, Balazs"]
[Black "Shevtchenko, Olesya"]
[Result "1-0"]
[WhiteElo "2496"]
[BlackElo "2054"]
[PlyCount "59"]
[EventDate "2023.04.11"]
[EventType "swiss (blitz)"]
[EventRounds "11"]
[EventCountry "USA"]
[SourceTitle "CBM 213 Extra"]
[Source "ChessBase"]
[SourceDate "2023.05.31"]
[SourceVersion "1"]
[SourceVersionDate "2023.05.31"]
[SourceQuality "1"]

1. d4 Nf6 2. c4 e6 3. Nf3 d5 4. a3 Be7 5. Nc3 0-0 6. Bf4 Nbd7 7. Nb5 Ne8 8. e3 a6 9. Nc3 Bd6 10. Bxd6 Nxd6 11. cxd5 exd5 12. Nxd5 b5 13. b4 Bb7 14. Nc3 a5 15. Be2 axb4 16. axb4 Rxa1 17. Qxa1 Nf6 18. 0-0 Nfe4 19. Nxb5 Nxb5 20. Bxb5 Ng5 21. Ne1 Qd5 22. Be2 Ra8 23. Qc1 Ra2 24. Qxc7 h5 25. Bf3 Nxf3+ 26. Nxf3 h4 27. Nxh4 Qe4 28. Nf3 Rc2 29. Qd8+ Kh7 30. Ng5+ 1-0

[Event "Titled Tuesday intern op 11th Apr Early"]
[Site "Chess.com INT"]
[Date "2023.04.11"]
[Round "11"]
[White "Kosteniuk, Alexandra"]
[Black "Shevtchenko, Olesya"]
[Result "0-1"]
[WhiteElo "2535"]
[BlackElo "2054"]
[PlyCount "90"]
[EventDate "2023.04.11"]
[EventType "swiss (blitz)"]
[EventRounds "11"]
[EventCountry "USA"]
[SourceTitle "CBM 213 Extra"]
[Source "ChessBase"]
[SourceDate "2023.05.31"]
[SourceVersion "1"]
[SourceVersionDate "2023.05.31"]
[SourceQuality "1"]

1. b3 e5 2. Bb2 Nc6 3. c4 g6 4. Nc3 Bg7 5. e3 Nge7 6. h4 h6 7. h5 g5 8. Nd5 Nxd5 9. cxd5 Ne7 10. e4 d6 11. d4 exd4 12. Bxd4 0-0 13. Bxg7 Kxg7 14. Nf3 f6 15. Bc4 Bg4 16. Qd4 Qe8 17. Nd2 Bxh5 18. f3 Nf5 19. Qc3 Nh4 20. g4 Bg6 21. Kf2 Qe5 22. Qxe5 fxe5 23. Kg3 Rf7 24. Be2 Raf8 25. Rac1 Re7 26. Rc3 Rff7 27. b4 Bh7 28. Rxh4 gxh4+ 29. Kxh4 Kf8 30. Nf1 Bg6 31. Ng3 Ke8 32. a4 Kd8 33. a5 Rf4 34. Kh3 h5 35. g5 Rg7 36. Bd1 Be8 37. Ne2 Bd7+ 38. Kh2 Rh4+ 39. Kg3 Rh3+ 40. Kf2 Rh2+ 41. Kg1 Rh3 42. f4 Rxc3 43. Nxc3 exf4 44. Kh2 Rxg5 45. Bf3 Rg3 0-1

[Event "Titled Tuesday intern op 11th Apr Early"]
[Site "Chess.com INT"]
[Date "2023.04.11"]
[Round "3"]
[White "Salinas Herrera, Pablo Patricio"]
[Black "Shevtchenko, Olesya"]
[Result "1-0"]
[WhiteElo "2498"]
[BlackElo "2054"]
[PlyCount "149"]
[EventDate "2023.04.11"]
[EventType "swiss (blitz)"]
[EventRounds "11"]
[EventCountry "USA"]
[SourceTitle "CBM 213 Extra"]
[Source "ChessBase"]
[SourceDate "2023.05.31"]
[SourceVersion "1"]
[SourceVersionDate "2023.05.31"]
[SourceQuality "1"]

1. e4 c6 2. Nf3 d5 3. Nc3 dxe4 4. Nxe4 Nf6 5. Qe2 Nxe4 6. Qxe4 Qd5 7. Qf4 Qf5 8. d3 Qxf4 9. Bxf4 Nd7 10. 0-0-0 Nf6 11. h3 a5 12. c4 h6 13. d4 Bf5 14. Be2 e6 15. Ne5 Be7 16. g4 Bh7 17. f3 0-0 18. h4 Rad8 19. Be3 Nd7 20. Nd3 a4 21. g5 Bxd3 22. Bxd3 h5 23. Kc2 g6 24. Bf2 Bd6 25. Rhe1 Bc7 26. Re2 Nb8 27. Kb1 Rd7 28. Bc2 a3 29. bxa3 Rfd8 30. Bb3 Bd6 31. Kb2 Na6 32. Bc2 b5 33. cxb5 cxb5 34. Bb3 Nc7 35. a4 Ra8 36. axb5 Ba3+ 37. Kb1 Nxb5 38. Rc2 Rad8 39. Rc4 Bf8 40. Kb2 Ba3+ 41. Ka1 Bf8 42. a4 Nxd4 43. Bxd4 Rxd4 44. Rdxd4 Rxd4 45. Rxd4 Bg7 46. a5 Bxd4+ 47. Ka2 Kf8 48. Ba4 Ke7 49. Kb3 f6 50. f4 fxg5 51. fxg5 e5 52. a6 Kd6 53. Be8 Kc7 54. Bxg6 Bf2 55. Bxh5 Bxh4 56. g6 Bf6 57. Be2 Kb6 58. Kc2 Kc6 59. Kd3 Bg7 60. Ke4 Kc7 61. Kd5 e4 62. Kxe4 Kc6 63. Kf5 Bd4 64. Ke6 Kc7 65. Kf7 Bc3 66. g7 Bxg7 67. Kxg7 Kb6 68. Kf6 Ka7 69. Ke5 Kb6 70. Kd4 Ka7 71. Kc5 Kb8 72. Kb6 Ka8 73. Bf3+ Kb8 74. a7+ Kc8 75. a8Q+ 1-0